Determinación de los márgenes de potencia reactiva para las subestaciones de Costa Rica hasta el año 2020: parte II
Sparad:
| Huvudupphovsman: | |
|---|---|
| Materialtyp: | Bok |
| Publicerad: |
[San José, Costa Rica]
2006
|
| Ämnen: | |
| Taggar: |
Lägg till en tagg
Inga taggar, Lägg till första taggen!
|
MARC
| LEADER | 00000nam a2200000Ia 4500 | ||
|---|---|---|---|
| 003 | 009807 | ||
| 005 | 20221231144113.0 | ||
| 008 | 140114s2006 cr a 000 ||s d | ||
| 040 | |c cru CEDI | ||
| 090 | |a TFG 5331 | ||
| 100 | |a Paganella Chang, Christian |9 5124 | ||
| 245 | |a Determinación de los márgenes de potencia reactiva para las subestaciones de Costa Rica hasta el año 2020: parte II | ||
| 260 | |c 2006 |b [San José, Costa Rica] | ||
| 300 | |a ix, 95 páginas; ilustraciones (algunas a color) | ||
| 500 | |a Proyecto de graduación (Ingeniero eléctrico)--Universidad de Costa Rica. Facultad de Ingeniería. Escuela de Ingeniería Eléctrica. | ||
| 650 | |x POTENCIA REACTIVA (INGENIERIA ELECTRICA) |x REGULADORES DE VOLTAJE |x DINAMOS |9 5125 | ||
| 942 | |c TFG | ||
| 999 | |c 16946 |d 16946 | ||
